000 00365pab a2200145 454500
008 180718b1983 xxu||||| |||| 00| 0 eng d
100 _aRao, M. Kutumba
245 _aManagement of Central cooperative banks
260 _c1983
300 _a58-63
362 _aJan.-Mar.
650 _aCooperative Banks - India
773 _aCooperative Perspective
909 _a6678
999 _c6678
_d6678